| 000 | 00475nam a22001697a 4500 | ||
|---|---|---|---|
| 008 | 150603b xxu||||| |||| 00| 0 eng d | ||
| 020 | _a9780671648442 | ||
| 041 | 0 | _aeng | |
| 080 | _a308 | ||
| 100 | 1 | _aFriday, Nancy. | |
| 245 | 1 | 0 |
_aWomen on top : _cNancy Friday. |
| 260 |
_aNew York : _bSimon & Schuster, _cc1991. |
||
| 300 |
_a460 f. ; _c24 cm. |
||
| 650 | 0 | _aFemrat | |
| 650 | 0 | _aFantazitë seksuale | |
| 942 |
_2udc _cBK |
||
| 999 |
_c981 _d981 |
||